000 00427nam a2200169 a 4500
001 2085
003 CO-ViMGA
008 141112s2004 ck r 000 u spa d
040 _aCO-ViMGA
_bspa
_cCO-ViMGA
082 0 4 _a863.64 M173r
100 1 _aMateos, Pilar
245 1 0 _aEl reloj de las buenas horas
260 _aBarcelona :
_bEl arca,
_c1996
300 _a91 p : il
650 1 4 _aCUENTOS ESPAÑOLES
_93223
942 _2ddc
_cBK
999 _c14228
_d14228